Krpeľany - priehrada

Zobrazenie: Pohľad z výšky na budovy priehrady a na priehradu samotnú. Vpravo aj vľavo vidno veľké vodné nádrže. V pozadí idno budovy z mesta. V popredí je pred plotom do areálu zaparkovaný automobil a motorka

Bibliographic Details
Other Authors: Bruník, Jiří, 1930-2008 (Photographer)
Format: Postcard
Language:Slovak
PhysicalDescription:1 pohľadnica čiernobiela 15 x 11 cm
Published: Praha Orbis 1968
Subjects:

MARC

LEADER 00000nkm a2200000 a 4500
001 vtls011843858
003 SK-MaSNL
005 20260512122352.0
007 kp bo
008 230718s1968 xr g kuslo
015 |a SNBG1968 
035 |a urn:nbn:sk:snk-km00dvwb 
035 |a urn:nbn:sk:snk-km3ls5s 
035 |a 12E11436-D728-4E02-877E-A4621D367F0F 
040 |a SNK  |b slo  |c SNK  |e AACR2 
041 0 |a slo 
043 |a e-xo--- 
044 |a xr  |c CZ 
072 7 |a 913  |x Regionálna geografia  |2 konspekt 
080 |a 913(437.6)  |2 2011 
080 |a 626/627  |2 2011 
080 |a (084.121)  |2 2011 
080 |a 627.8  |2 2011 
100 1 |a Bruník, Jiří,  |d 1930-2008  |4 pht  |9 1635651 
245 1 0 |a Krpeľany - priehrada  |h grafika  |c foto J. Bruník 
260 |a Praha  |b Orbis  |c 1968 
300 |a 1 pohľadnica  |b čiernobiela  |c 15 x 11 cm 
500 |a Na adresnej časti uvedené: "Foto © J. Bruník" 
520 8 |a Zobrazenie: Pohľad z výšky na budovy priehrady a na priehradu samotnú. Vpravo aj vľavo vidno veľké vodné nádrže. V pozadí idno budovy z mesta. V popredí je pred plotom do areálu zaparkovaný automobil a motorka 
650 0 7 |a vodné stavby  |2 SNKPH  |9 68714 
650 0 7 |a priehrady  |2 SNKPH  |9 21151 
651 7 |a Krpeľany (Slovensko)  |2 SNKPHgeo  |9 93574 
651 7 |a Krpeľany (Slovensko : vodná nádrž)  |2 SNKPHgeo  |9 160810 
655 7 |a miestne pohľadnice  |2 SNKPH  |9 70510 
852 |a Slovenská národná knižnica 
954 |a pohľadnice cudzojazyčné (svetové)  |2 lita 
958 |a GBN 
958 |a GC 
958 |a OND 
958 |a EUIPO 
999 |c 601774  |d 603704 
952 |a SNK  |b SNK  |y PREZ  |7 0  |p 17A1247663  |o snkSP 46378  |0 0  |1 0  |4 0  |d 2019-03-04  |f 1  |l 0  |r 2026-02-23 15:57:12  |w 2026-02-23